00238 a2200073 450000100060000008200150000610000220002124501210004390855 a297.63 WAH aAbdul Waheed Khan aHazrat Muhammad Mustafa Sal Lal Laaho Allehi Wa SallambThe Personality of Allah's Last MessengerhAbdul Waheed Khan